| 000 | 00579nam a2200181Ia 4500 | ||
|---|---|---|---|
| 003 | 0100 | ||
| 008 | 130227s9999 xx 000 0 und d | ||
| 040 | _cARRUPELIB | ||
| 050 | _aBS2575.3F815 | ||
| 100 |
_aFrance, R.T. _927988 |
||
| 245 | 4 |
_aThe Gospel According to Matthew _bAn Introduction and commentary |
|
| 260 |
_bWilliam B. Eermans Publishing Compay _aMichigan _c1985 |
||
| 300 | _a416p. | ||
| 300 | _b20cm. | ||
| 440 |
_aVice-Principal and senior Lecturer in New Testament Studies _927990 |
||
| 650 |
_bBible NT _xMatthew _xCommentaries _927989 |
||
| 942 |
_2lcc _cMONOGRAPH |
||
| 999 |
_c7274 _d7274 |
||